Cyrille AILLET, L’archipel ibadite. Une histoire des marges du Maghreb médiéval, CIHAM Éd., Lyon–Avignon, 2021; 1 vol., 582 p. (Mondes médiévaux, 5). ISBN: 978-2-95684-264-4. Price: €45.00 (notice n° 1510495)
[ vue normale ]
| 000 -LEADER | |
|---|---|
| fixed length control field | 00620cam a2200145 4500500 |
| 005 - DATE AND TIME OF LATEST TRANSACTION | |
| control field | 20250928002804.0 |
| 041 ## - LANGUAGE CODE | |
| Language code of text/sound track or separate title | fre |
| 042 ## - AUTHENTICATION CODE | |
| Authentication code | dc |
| 100 10 - MAIN ENTRY--PERSONAL NAME | |
| Personal name | Sénac, Philippe |
| Relator term | author |
| 245 00 - TITLE STATEMENT | |
| Title | Cyrille AILLET, L’archipel ibadite. Une histoire des marges du Maghreb médiéval, CIHAM Éd., Lyon–Avignon, 2021; 1 vol., 582 p. (Mondes médiévaux, 5). ISBN: 978-2-95684-264-4. Price: €45.00 |
| 260 ## - PUBLICATION, DISTRIBUTION, ETC. | |
| Date of publication, distribution, etc. | 2025.<br/> |
| 500 ## - GENERAL NOTE | |
| General note | 22 |
| 786 0# - DATA SOURCE ENTRY | |
| Note | Le Moyen Age | CXXXI | 1 | 2025-09-16 | p. 184-187 | 0027-2841 |
| 856 41 - ELECTRONIC LOCATION AND ACCESS | |
| Uniform Resource Identifier | <a href="https://shs.cairn.info/journal-le-moyen-age-2025-1-page-184?lang=en&redirect-ssocas=7080">https://shs.cairn.info/journal-le-moyen-age-2025-1-page-184?lang=en&redirect-ssocas=7080</a> |
Pas d'exemplaire disponible.




Réseaux sociaux